Dynamical theory of groups and fields

Guardat en:
Dades bibliogràfiques
Autor principal: DeWitt, Bryce S (Autor)
Format: Llibre
Idioma:anglès
Publicat: Nueva York Gordon and Breach 1965
Matèries:
Etiquetes: Afegir etiqueta
Sense etiquetes, Sigues el primer a etiquetar aquest registre!

MARC

LEADER 00000nam a2200000 a 4500
001 UCL7216
003 CL-VaPUC
008 040507e19650000US |||||||||||||||||eng|d
082 0 4 |a 512.2  |b DEW  |2 21 
100 0 |a DeWitt, Bryce S  |e author  |9 485046 
245 1 0 |a Dynamical theory of groups and fields 
300 |a 248 p  
942 |c BK 
945 |d 20040507 00:00:00  |a cmena 
260 |a Nueva York  |b Gordon and Breach  |c 1965 
650 0 |a Teoría de grupos   |9 270028 
583 |a last modification  |c 20040507 00:00:00  |k Rodrigo Vera 
999 |c 309066  |d 309064 
952 |0 0  |1 0  |4 0  |6 512_200000000000000_DEW_1965  |7 0  |8 A  |9 376163  |a BIBCUR  |b BIBCUR  |d 2019-11-21  |i 2111381  |o 512.2 DEW 1965  |p 2111381  |r 2025-04-22  |w 2019-11-21  |y BK  |k FIS